|
|
|
|
| LEADER |
01659nam a2200337 a 4500 |
| 001 |
000610195 |
| 003 |
CZ BrMZK |
| 005 |
20170418141836.0 |
| 008 |
020711s1987 xr e c cze d |
| 040 |
|
|
|a BOA001
|b cze
|c BOA001
|
| 072 |
|
7 |
|a 72/76
|x Výtvarné umění
|2 Konspekt
|9 21
|
| 080 |
|
|
|a 741/744(437.3)
|2 MRF
|
| 080 |
|
|
|a 730(437.3)
|2 MRF
|
| 080 |
|
|
|a (083.824)
|2 MRF
|
| 100 |
1 |
|
|a Schwarz, Josef Václav,
|d 1908-1988
|7 xx0008433
|4 art
|
| 245 |
1 |
0 |
|a Josef Václav Schwarz :
|b sochy a kresby : výbor z tvorby : Muzeum dělnického revolučního hnutí jižních Čech v Českých Budějovicích, 10.2.-28.3.1987 : Galerie výtvarného umění v Karlových Varech, 30.4.-31.5.1987 : Okresní muzeum v Pelhřimově 1.8.-31.8.1987 : katalog výstavy /
|c úvodní text katalogu: Libuše Hájková
|
| 246 |
3 |
3 |
|a Sochy a kresby
|
| 260 |
|
|
|a Hluboká nad Vltavou :
|b Alšova jihočeská galerie,
|c 1987
|
| 300 |
|
|
|a 1 nestránkovaný sv.
|
| 600 |
1 |
7 |
|a Schwarz, Josef Václav,
|d 1908-1988
|7 xx0008433
|
| 648 |
|
7 |
|a 20. století
|7 ch460558
|
| 650 |
0 |
7 |
|a česká kresba
|7 ph116857
|y 20. století
|2 czenas
|
| 650 |
0 |
7 |
|a české sochařství
|7 ph128152
|y 20. století
|2 czenas
|
| 655 |
|
7 |
|a katalogy výstav
|7 fd132536
|2 czenas
|
| 700 |
1 |
|
|a Hájková, Libuše,
|c historička umění
|4 wfw
|
| 710 |
2 |
|
|a Okresní muzeum (Pelhřimov, Česko)
|7 kn20010724582
|
| 710 |
2 |
|
|a Muzeum dělnického revolučního hnutí jižních Čech (České Budějovice, Česko)
|
| 710 |
2 |
|
|a Galerie umění (Karlovy Vary, Česko)
|7 kn20010724243
|
| 910 |
|
|
|a BOA001
|b X-0914.947
|
| 990 |
|
|
|a BK
|
| 996 |
6 |
|
|b 2619168552
|c X-0914.947
|l MZK
|r Sklad / do 24 hodin
|n 0
|w 000610195
|u 000010
|a 1
|e BOA001
|j MZK50
|s P
|